• 首页
  • 本馆介绍
  • 公告通知
  • 最新文献
  • 馆藏检索
  • 电子资源
  • 读者荐购
  • 参考咨询
  • CALIS
  • 我的图书馆
  • 登录
  • 详细信息显示
  • 放入我的书架
  • 预约/预借图书
  • 作者相关作品
  • 分类相关作品
  • 丛书相关作品
  • 出版社相关作品

书目信息

  • 表格格式
  • 工作单格式
  • 卡片格式
题名:
Grasshopper参数化结构设计入门与提高
    
 
作者: 杨韶伟 著
分册:  
出版信息: 北京   中国建筑工业出版社  2024.07
页数: 161页
开本: 26cm
丛书名: 结构设计新形态丛书
单 册:
中图分类: TU201.4
科图分类:
主题词: 建筑设计--jian zhu she ji--结构设计--计算机辅助设计--应用软件
电子资源:
ISBN: 978-7-112-30060-0
 
 
 
 
 
000 01178nam 2200265 450
001 90277
005 20250815154427.20
010    @a978-7-112-30060-0@dCNY68.00
100    @a20240812d2024 em y0chiy50 ea
101 0  @achi
102    @aCN@b110000
105    @aa a 000yy
106    @ar
200 1  @aGrasshopper参数化结构设计入门与提高@AGrasshopper can shu hua jie gou she ji ru men yu ti gao@f杨韶伟著
210    @a北京@c中国建筑工业出版社@d2024.07
215    @a161页@c图@d26cm
225 2  @a结构设计新形态丛书@Ajie gou she ji xin xing tai cong shu
320    @a有书目 (第161页)
330    @a本书为“结构设计新形态丛书”之一, 系网站达人编写, 含有108个视频可扫码观看 (共计6.3G) 。主要内容包括: 悬挑大雨篷结构入门GH ; 网架结构参数化设计 ; 网壳结构参数化设计 ; 桁架结构参数化设计 ; 旋转楼梯结构参数化设计 ; 建筑结构参数化设计中的数据结构 ; 建筑结构参数化设计综合案例。案例包含了鸟巢、“小蛮腰”等建筑的快速建模。
410  0 @12001 @a结构设计新形态丛书
606 0  @a建筑设计@Ajian zhu she ji@x结构设计@x计算机辅助设计@x应用软件
690    @aTU201.4@v5
701  0 @a杨韶伟@Ayang shao wei@4著
801  0 @aCN@c20250909
905    @a河南城建学院图书馆@dTU201.4@eY260@f1
    
    Grasshopper参数化结构设计入门与提高/杨韶伟著.-北京:中国建筑工业出版社,2024.07
    161页:图;26cm.-(结构设计新形态丛书)
    
    
    ISBN 978-7-112-30060-0:CNY68.00
    本书为“结构设计新形态丛书”之一, 系网站达人编写, 含有108个视频可扫码观看 (共计6.3G) 。主要内容包括: 悬挑大雨篷结构入门GH ; 网架结构参数化设计 ; 网壳结构参数化设计 ; 桁架结构参数化设计 ; 旋转楼梯结构参数化设计 ; 建筑结构参数化设计中的数据结构 ; 建筑结构参数化设计综合案例。案例包含了鸟巢、“小蛮腰”等建筑的快速建模。
●
相关链接 在E读中查询图书 在当当中查询图书 在豆瓣中查询图书


正题名:Grasshopper参数化结构设计入门与提高     索取号:TU201.4/Y260         预约/预借

序号 登录号 条形码 馆藏地/架位号 状态 备注
1 1624239   216242395   建筑库101/101建筑库 36排3列2层/ [索取号:TU201.4/Y260] 在馆    
河南城建学院图书馆 欢迎您!
大连网信软件有限公司© 版权所有